| 000 | 00000nas 2200000zi 4500 |
| 001 | 9.887931 |
| 003 | CaOODSP |
| 005 | 20221107171837 |
| 006 | m o d f |
| 007 | cr ||||||||||| |
| 008 | 200602u1980uuuuonc x m o f0###|0eng|d |
| 040 | |aCaOODSP|beng|erda|cCaOODSP |
| 043 | |an-cn--- |
| 086 | 1 |aD2-63E-PDF |
| 130 | 0 |aOfficial history of the Royal Canadian Air Force. |
| 245 | 14|aThe official history of the Royal Canadian Air Force |
| 264 | 1|aToronto : |bUniversity of Toronto Press in cooperation with the Department of National Defence and the Canadian Government Publishing Centre, Supply and Services Canada, |c[1980?]- |
| 336 | |atext|btxt|2rdacontent |
| 337 | |acomputer|bc|2rdamedia |
| 338 | |aonline resource|bcr|2rdacarrier |
| 362 | 0 |aVolume I- |
| 500 | |aIssued also in French under title: Histoire officielle de l'Aviation royale canadienne. |
| 530 | |aIssued also in printed form. |
| 588 | 0 |aDescription based on: Volume III. |
| 710 | 2 |aUniversity of Toronto Press. |
| 710 | 1 |aCanada. |bDepartment of National Defence. |
| 710 | 2 |aCanadian Government Publishing Centre. |
| 775 | 08|tHistoire officielle de l'Aviation royale du Canada.|w(CaOODSP)9.504263 |
| 776 | 0#|tOfficial history of the Royal Canadian Air Force |w(CaOODSP)9.514500 |